| 000 | 00595cam a2200193 a 4500 | ||
|---|---|---|---|
| 001 | 000006137 | ||
| 005 | 20200929151939.0 | ||
| 008 | 770310s1975 cu f001 p spa | ||
| 040 |
_aDO-SdBNP _cDLC _dDLC |
||
| 082 |
_aCu861.44 _bN322d |
||
| 100 | 1 |
_aNavarro, Osvaldo, _d1946-2009 _917266 |
|
| 245 | 1 | 4 |
_aLos días y los hombres / _cOsvaldo Navarro. |
| 260 |
_aLa Habana : _bArte y Literatura, _bInstituto Cubano del Libro, _c1975. |
||
| 300 |
_a74 p. ; _c18 cm. |
||
| 650 | 4 |
_aPoesía cubana _95226 |
|
| 650 | 4 |
_aLiteratura cubana _91483 |
|
| 910 | _aCatalogación por copia / LC | ||
| 049 | _aBNGR | ||
| 999 |
_c5933 _d5933 |
||